|
|
|
|
| LEADER |
00684nab a2200193 i 4500 |
| 001 |
acta1603 |
| 005 |
20210310130933.0 |
| 008 |
161015s2006 hu o 0|| rus d |
| 022 |
|
|
|a 0237-9562
|
| 040 |
|
|
|a SZTE Egyetemi Kiadványok Repozitórium
|b hun
|
| 041 |
|
|
|a rus
|
| 100 |
1 |
|
|a Farkas Zoltán
|
| 245 |
1 |
0 |
|a Sofiâ . sud'ba odnoj Solov'evskoj rukopisi
|h [elektronikus dokumentum] /
|c Farkas Zoltán
|
| 260 |
|
|
|c 2006
|
| 300 |
|
|
|a 157-162
|
| 490 |
0 |
|
|a Dissertationes slavicae. sectio historiae litterarum
|v 24
|
| 695 |
|
|
|a Irodalomtudomány
|
| 700 |
0 |
1 |
|a Solov'ëv Vladimir Sergeevič
|e aut
|
| 856 |
4 |
0 |
|u http://acta.bibl.u-szeged.hu/1603/1/dissert_slav_hist_024_157-162.pdf
|z Dokumentum-elérés
|